Famous Ships Pictures (fact & fiction) - Statistics

General Stats
  • This quiz has been taken 101 times
  • The average score is 7 of 16
Answer Stats
Picture Hint Answer % Correct
Made in Belfast Titanic
98%
2 Aardvaarks, 2 A.... Noah's Ark
77%
Plymouth Rock Mayflower
70%
That is Mutiny Bounty
60%
A New World! Santa Maria
58%
A Ghostly Vision The Flying Dutchman
57%
Evolution HMS Beagle
51%
Is Nelson aboard? HMS Victory
46%
An 'Epic' Journey Argo
41%
Captain's Surprise Costa Concordia
36%
Capt. Bogart African Queen
34%
2 September 1945 USS Missouri
33%
Anybody Home? Mary Celeste
31%
G & S not the 'Pirates' HMS Pinafore
23%
A Whale of a Tale Pequod
23%
A Crafty President PT-109
8%
No matching quizzes found
Score Distribution
Percent of People with Each Score
Percentile by Number Answered
Your Score History
You have not taken this quiz